000 00958nam a22002297a 4500
999 _c4503
_d4503
003 OSt
005 20250226090945.0
008 250226b ||||| |||| 00| 0 eng d
020 _a9781843038887
040 _cKH8
082 _a900 WAU
100 _aWaugh, Steve,
_eauthor.
245 _aMedieval Britain 1066-1485 /
_cSteve Waugh.
260 _aNew York ;
_bOxford University Press ,
_c2006.
300 _a64 pages :
_billustrations ;
_c30 cm.
490 _aSpecials!
520 _aSpecials! History provide ready-made resource lessons for teachers and students. Each book contains ten topics with detailed teacher's notes that are linked to the National Curriculum, Scheme of Work and 5-14 Guidelines. Resource and activity sheets have been designed specifically for use with students with lower reading abilities.
650 _aHistory
_vpractice book
650 _aHistory
_vexercise & assessment
650 _aHistory
_vworkbook
942 _2ddc
_cNFIC